[Event "POL-ch 63rd"]
[Site "Krakow"]
[Date "2006.03.08"]
[Round "12"]
[White "Dziuba, Marcin"]
[Black "Grabarczyk, Miroslaw"]
[Result "1-0"]
[WhiteElo "2491"]
[BlackElo "2479"]
[Annotator "Huebner,R"]
[PlyCount "77"]
[EventDate "2006.02.25"]
[EventType "tourn"]
[EventRounds "13"]
[EventCountry "POL"]
[EventCategory "12"]
[SourceTitle "CBM 112"]
[Source "ChessBase"]
[SourceDate "2006.06.07"]
[SourceVersion "1"]
[SourceVersionDate "2006.06.07"]
[SourceQuality "1"]

1. d4 d5 2. Nf3 Nf6 3. c4 c6 4. Nc3 a6 5. e3 b5 6. c5 g6 7. Ne5 Nfd7 8. f4 Nxe5
9. fxe5 f6 10. exf6 exf6 11. e4 Bg7 12. Be2 (12. Bf4 O-O 13. Be2 Re8 14. O-O
dxe4 15. Qd2 f5 16. Rad1 Be6 17. Qe3 Ra7 18. Rd2 Rd7 19. Rfd1 Bd5 20. b4 Qe7
21. Qg3 Rdd8 {1/2-1/2 Dziuba,M-Savchenko,S/Metz 2005/CBM 105 ext (21).}) 12...
O-O $6 (12... b4 13. Na4 dxe4 14. Nb6 Ra7 15. Qb3 {ist nicht besonders
attraktiv für Schwarz.}) (12... f5 {scheint nötig zu sein.}) 13. O-O $6 (13.
exd5 f5 (13... b4 14. Na4 Qxd5 15. O-O f5 16. Rf4 {ist ungünstig für Scchwarz.}
) (13... cxd5 14. O-O {sieht gut für Weiß aus.}) 14. Bf3 Qh4+ 15. g3 Qxd4 16.
Qxd4 Bxd4 17. dxc6 {lohnt sicher einen Versuch.}) 13... b4 14. Na4 dxe4 15.
Qb3+ Kh8 16. Nb6 Ra7 17. Nxc8 Qxc8 18. Qxb4 f5 19. Bf4 a5 20. Qc3 Na6 21. Qxa5
$4 (21. Be5 {wahrt Stellungsvorteil.}) 21... Bxd4+ 22. Kh1 Qb7 {Jetzt dürfte
Schwarz beinahe eine Gewinnstellung besitzen.} 23. Bd6 Re8 24. Rad1 Nxc5 25.
Qe1 (25. Qd2 Ne6 26. Bc4 e3 {ist auch fatal für Weiß.}) 25... Ne6 $6 ({Nichts
spricht gegen} 25... Qxb2 $19) 26. b4 Bg7 $6 (26... Qg7 {sieht aktiver aus:
Schwarz muß versuchen, den Läufer von d6 zu vertreiben.}) 27. Bc4 Raa8 28. Qe3
Qa7 29. Qg3 Rad8 30. h4 Nd4 31. Bc5 Qb7 32. Qe3 {Jetzt hat Weiß schon
vollwertiges Gegenspiel.} Nc2 33. Qg5 Nd4 $6 (33... Qc7 $5) (33... Qb8 $5) 34.
h5 gxh5 $6 (34... Be5 35. hxg6 hxg6 36. Qxg6 Qh7+ 37. Qxh7+ Kxh7 {bietet gute
Rettungsaussichten.}) 35. Qxh5 e3 $2 {Es dürfte schon keine Rettung mehr geben,
aber mit} (35... Rf8 {kann Schwarz noch kämpfen.}) 36. Rxd4 $18 Bxd4 37. Bxd4+
Rxd4 38. Qxe8+ Kg7 39. Qe5+ 1-0

[Event "FRA-chT Top 16 GpA"]
[Site "Mulhouse"]
[Date "2005.02.04"]
[Round "1"]
[White "Bacrot, Etienne"]
[Black "Volkov, Sergey"]
[Result "1-0"]
[WhiteElo "2715"]
[BlackElo "2612"]
[Annotator "Huebner,R"]
[PlyCount "75"]
[EventDate "2005.02.04"]
[EventType "team"]
[EventRounds "7"]
[EventCountry "FRA"]
[SourceTitle "CBM 106"]
[Source "ChessBase"]
[SourceDate "2005.06.06"]
[SourceVersion "1"]
[SourceVersionDate "2005.06.06"]
[SourceQuality "1"]

1. d4 d5 2. c4 c6 3. Nc3 Nf6 4. Nf3 a6 5. e3 b5 6. c5 Bg4 7. h3 Bxf3 8. gxf3 g6
(8... e6 9. f4 Nbd7 10. Bd3 g6 11. Bd2 Bg7 12. b4 Ng8 13. a4 Ne7 14. Ne2 Nf5
15. Nc1 O-O 16. Nb3 Qh4 17. Qf3 Qe7 18. Kd1 Nf6 $11 {1/2-1/2 Piket,J-Bosch,J/
Netherlands 1994/CBM 042 (43). (42)}) 9. f4 Nh5 $2 {Das Manöver des Schwarzen
birgt Risiken, weil er die Entwicklung seines Königsflügels, insbesondere die
Aktivierung seines Königsturms, allzu lange hinausschiebt. Weiß greift
folgereichtig sogleich am Damenflügel an.} (9... e6 10. Bd3 Bg7 11. Bd2 a5 12.
Qc2 Na6 13. a3 Nd7 14. Ne2 Qh4 15. Ng1 O-O 16. Nf3 Qe7 17. h4 $14 {1-0
Hoeksema,H-Boel,P/Netherlands 1994/EXT 2002 (37). (36)}) 10. Be2 Ng7 11. Qb3
Nd7 12. a4 Ne6 {An diesem unnatürlichen Zug sieht man, daß der Aufbau des
Schwarzen nicht in der gewünschten Weise verlief; der Springer gehört ja nach
f5. Auf andere Fortsetzungen ist jedoch das Manöver Sc3-a2-b4 noch stärker.}
13. Na2 Qc8 14. Nb4 a5 ({Nach} 14... Bg7 {braucht Weiß nicht auf Figurenopfer
zu sinnen, sondern kann mit} 15. Qa3 Rb8 16. axb5 axb5 17. Qa6 {ohne weiteres
bedeutenden positionellen Vorteil erwerben.}) 15. Nxc6 Qxc6 16. axb5 Nexc5 {
Wenn Schwarz die Figur nicht zurückgibt, bleibt seine Stellung hoffnungslos,
da der Bauer d5 auch noch fällt.} 17. dxc5 Qxc5 18. Bd2 Bg7 19. O-O O-O ({
Die Fortsetzung} 19... e6 20. Rfc1 Qb6 21. Rc6 Qb7 22. Rac1 {sieht auch
ungemütlich für Schwarz aus.}) 20. Rfc1 Qb6 21. Rc6 Qd8 22. b6 ({Auch} 22. Qxd5
{verspricht klaren Vorteil.}) 22... Nf6 23. Rxa5 Rb8 {Jetzt bleibt der
Damenturm des Schwarzen passiv, während der des Weißen große Aktivität
entfaltet. Wenn Schwarz aber Turmtausch zuläßt, wird der vordere b-Bauer des
Weißen sehr stark:} (23... Rxa5 24. Bxa5 Qd7 25. Qb5 Rb8 (25... Qxh3 {
scheitert an} 26. Rxf6) 26. Kg2 {überläßt dem Weißen das bessere Spiel.}) (
23... Qd7 24. Rc7 Qxh3 25. Rxa8 Rxa8 26. b7 Rb8 27. Bf1 Qg4+ (27... Qf5 28. f3
Bf8 29. Qa2 {und Weiß gewinnt.}) (27... Qe6 28. Bg2 Ne8 29. Ba5 {führt
ebenfalls zum Gewinn für Weiß.}) 28. Bg2 Bf8 29. Bc3 Ne8 30. Be5 {überlebt
Schwarz nicht.}) 24. Ra7 e5 {Schwarz strebt gewaltsam nach Gegenspiel; es
sollte aber nicht genügen.} 25. Bf3 $6 {es ist nicht klar, ob dies zum
Erreichen des Sieges genügt.} ({Die Fortsetzung} 25. Bb4 Rxb6 (25... Re8 {
scheitert an} 26. Bd6) 26. Qa4 Rxb4 (26... Rxc6 27. Qxc6 exf4 (27... Qc8 28.
Qxc8 Rxc8 29. fxe5 Ne4 30. f3 {ist hoffnungslos für Schwarz.}) 28. Bxf8 Bxf8
29. Qb7 Qe8 30. Ra8 Qe5 31. Qb4 {führt für Weiß zum Gewinn.}) 27. Qxb4 Ne4 {
überläßt dem Schwarzen beachtliches Gegenspiel.}) ({Die Fortsetzung} 25. fxe5
Ne4 26. Be1 Bxe5 (26... Qg5+ 27. Bg4 Qxe5 28. Rd7 {führt zu einer
Gewinnstellung für Weiß.}) 27. Ra5 {dürfte dem Weißen jedoch entscheidenden
Vorteil geben.}) 25... Ne4 ({Schwarz möchte vermeiden, daß der Damenläufer des
Weißen nach} 25... exf4 26. exf4 Ne4 {das Feld e3 zur Verfügung hat.}) 26. Bc3
({Die Folge} 26. Bxe4 dxe4 27. Rcc7 Qf6 28. Bb4 Rxb6 29. Qc4 Rxb4 30. Qxb4 exf4
31. Qxe4 fxe3 32. Qxe3 Qxb2 {ist nicht überzeugend.}) (26. Bb4 Rxb6 27. Qa4
Rxb4 28. Qxb4 exf4 29. exf4 Qh4 30. Bxe4 dxe4 31. Qxe4 Qxh3 32. f5 Bxb2 {
ist auch nicht klar.}) 26... exf4 27. exf4 Qh4 (27... Nxc3 28. bxc3 d4 {
bietet vielleicht auch Aussichten auf Widerstand.}) 28. Bxe4 dxe4 29. Bxg7 Kxg7
30. Qe3 Qh5 $2 (30... Rbd8 {mit der Drohung Td8-d3 ist geeignet, dem Schwarzen
ausgezeichnete Rettungsaussichten zu verschaffen.}) 31. Rd7 Qb5 32. Qxe4 Kg8
33. b7 Rbe8 34. Qc4 $6 (34. Qd5 {führt zum Sieg. Das Turmendspiel ist hier
ganz hoffnungslos für Schwarz.} Re1+ (34... Qxb2 {scheitert an} 35. Rc8) 35.
Kh2 Qf1 36. Qg2 {bietet dem Weißen auch keine Probleme mehr.}) 34... Qf5 35.
Rd3 Re4 36. Qd5 $6 (36. Qc3 Ree8 37. Rd4 {scheint mir sicherer zum Sieg zu
führen.}) 36... Qxf4 $2 ({Nach} 36... Qxd5 37. Rxd5 Rb4 38. Rd7 Kg7 {muß sich
Weiß noch gewaltig anstrengen, um den Sieg zu erzwingen. Hier steht ein Turm
des Schwarzen auf der b-Linie statt auf der 8. Reihe wie in der Anmerkung zum
34. Zuge von Weiß; dies macht einen großen Unterschied.} 39. Rc8 {kann mit}
Rxb7 {beantwortet werden.}) 37. Rc8 Rb4 38. Rf3 1-0

[Event "RUS-ch"]
[Site "Elista"]
[Date "1996.??.??"]
[Round "1"]
[White "Ulybin, Mikhail"]
[Black "Shovunov, Baatr"]
[Result "1-0"]
[WhiteElo "2550"]
[BlackElo "2320"]
[Annotator "Huebner,R"]
[PlyCount "47"]
[EventDate "1996.10.15"]
[EventType "swiss"]
[EventRounds "11"]
[EventCountry "RUS"]
[SourceTitle "CBM 056"]
[Source "ChessBase"]
[SourceDate "1997.02.01"]
[SourceVersion "1"]
[SourceVersionDate "1997.02.01"]
[SourceQuality "1"]

1. d4 d5 2. c4 c6 3. Nf3 Nf6 4. Nc3 a6 5. Ne5 b5 6. cxd5 cxd5 7. Bf4 e6 8. e3
Nfd7 9. Bd3 Nxe5 10. Bxe5 Nd7 11. Bg3 Nf6 12. O-O Be7 13. a4 b4 14. Nb1 O-O 15.
Nd2 a5 16. Qe2 Bd6 $2 {Der Tausch der schwarzfeldrigen Läufer sieht
positionell verfehlt aus. Ich würde} (16... Bd7 {nebst Dd8-b6 und Tf8-c8
versuchen.}) 17. Rfc1 Bxg3 18. hxg3 Qb6 19. Nb3 Bd7 20. Nc5 Rfc8 21. Rc2 Be8
22. Rac1 g6 23. e4 Nd7 $4 {Die Lage des Schwarzen ist schwierig, aber noch
nicht aufgabereif.} ({I} 23... dxe4 $2 24. Nxe4 Nxe4 25. Rxc8 Rxc8 26. Rxc8 Nd6
27. Ra8 Qc6 28. Rxa5 (28. Qf3 Qxa4 29. Qf4 $18) 28... Qc1+ 29. Qf1 Qxb2 30. d5
e5 31. Ra8 $18 {ist hoffnungslos für Schwarz.}) ({II} 23... Bc6 24. exd5 Bxd5 (
24... Nxd5 25. Nxe6 $18) 25. Nd7 Rxc2 26. Nxf6+ Kg7 27. Rxc2 Kxf6 28. Qe5+ Ke7
29. Rc7+ {führt ebenfalls zum Verlust.}) ({III} 23... Rc7 24. e5 (24. Qf3 Nxe4
$13) 24... Nd7 25. Nxd7 Rxd7 26. Qe3 Rdd8 27. b3 Bd7 {leistete Widerstand.}) ({
IV Die Partiefortsetzung} 23... Nd7 $4 {kostet nach} 24. exd5 exd5 (24... Nxc5
25. dxc5 {verheißt dem Schwarzen natürlich keine Rettungsaussichten.}) 25. Nxd7
Bxd7 26. Rxc8+ Rxc8 27. Rxc8+ Bxc8 28. Qe8+ {eine Figur.}) 24. exd5 1-0

[Event "USA-ch"]
[Site "San Diego"]
[Date "2004.12.02"]
[Round "7"]
[White "Onischuk, Alexander"]
[Black "Zatonskih, Anna"]
[Result "1-0"]
[WhiteElo "2653"]
[BlackElo "2440"]
[Annotator "Huebner,R"]
[PlyCount "42"]
[EventDate "2004.11.24"]
[EventType "swiss"]
[EventRounds "9"]
[EventCountry "USA"]
[SourceTitle "CBM 105"]
[Source "ChessBase"]
[SourceDate "2005.04.11"]
[SourceVersion "1"]
[SourceVersionDate "2005.04.11"]
[SourceQuality "1"]

1. d4 d5 2. c4 c6 3. Nf3 Nf6 4. Nc3 a6 5. c5 Nbd7 6. Bf4 Nh5 7. e3 Nxf4 8. exf4
b6 9. cxb6 Qxb6 10. Bd3 Qxb2 11. Rc1 e6 12. O-O Ba3 13. Rc2 Qb8 {Angaben zum
Eröffnungsverlauf finden sich bei der Partie Krasenkow-M. Gurevich, Sanxenxo
2004.} (13... Qb7 {gefällt mir besser als der Textzug.}) 14. Ne5 c5 15. dxc5
Nxc5 $2 {Den Feind auf e5 hätte ich nicht gedulded. Nach} (15... Nxe5 16. fxe5
Qxe5 17. Re1 ({Die Fortsetzung} 17. Nb1 Bb2 18. Re1 Qf6 19. Qh5 Kf8 {führt zu
einer unklaren Stellung.}) 17... Qg5 18. Nxd5 O-O (18... Qxd5 {scheitert
natürlich an} 19. Bb5+ Kf8 20. Qxd5 exd5 21. Re8#) 19. Nb6 Rb8 {hat Weiß
keinen nennenswerten Vorteil.} 20. Bxh7+ Kxh7 21. Qd3+ {scheitert an} Qf5) 16.
Qh5 Qa7 $6 (16... g6 17. Bxg6 fxg6 18. Nxg6 hxg6 19. Qxh8+ Kd7 20. Nb1 Bb4 21.
a3 {führt stracks zum Verlust.}) (16... Qb7 {ist aber zäher als der Textzug:}
17. Bxh7 Rb8 18. Nb1 ({Auch die Fortsetzung} 18. Ng6 Rxh7 19. Qxh7 fxg6 20.
Qg8+ Kd7 21. Qxg7+ Kd6 22. Qxg6 Bd7 23. f5 {sieht gewinnträchtig aus.}) 18...
Ne4 (18... Qxb1 19. Qxf7+ Kd8 20. Nc6#) 19. Nxa3 Nf6 20. Qxf7+ Qxf7 21. Bg6
Qxg6 22. Nxg6 Rh6 23. Ne5 {führt indessen zu einem für Weiß gewonnenen
Endspiel.}) 17. Bxh7 Kf8 {Es gibt keine befriedigende Verteidigung gegen die
Drohung 18.Sg6.} (17... Qe7 {bringt auch keine Rettung:} 18. Nb1 Nd7 19. Ng6
Rxh7 20. Qxh7 fxg6 21. Nxa3 Qxa3 22. Qxg6+ {und Weiß gewinnt mühelos.}) ({Mit} 
17... d4 18. Nb1 d3 19. Rc4 Bb2 20. Rxc5 Qxc5 ({oder} 20... g6 21. Nxg6 fxg6
22. Qxg6+ Kf8 23. Rfc1 {, und Weiß gewinnt.}) 21. Qxf7+ Kd8 22. Qxg7 Bxe5 23.
fxe5 Qf8 24. Qxf8+ Rxf8 25. Bxd3 {wehrt Schwarz zwar den Angriff ab, landet
aber in einem verlorenen Endspiel.}) (17... Rf8 18. Nb1 Bb4 19. Nc6 Qb6 20.
Nxb4 Qxb4 21. Rfc1 {führt auch zu nichts Gutem.}) 18. Nb1 $18 Ne4 19. Nxa3 Nf6
20. Rfc1 Nxh5 21. Rxc8+ Ke7 1-0

[Event "FIDE-Wch k.o."]
[Site "Moscow"]
[Date "2001.11.28"]
[Round "1.2"]
[White "Nikolic, Predrag"]
[Black "Safin, Shukhrat"]
[Result "1-0"]
[WhiteElo "2652"]
[BlackElo "2538"]
[Annotator "Huebner,R"]
[PlyCount "99"]
[EventDate "2001.11.27"]
[EventType "k.o."]
[EventRounds "7"]
[EventCountry "RUS"]
[SourceTitle "CBM 086"]
[Source "ChessBase"]
[SourceDate "2002.02.05"]
[SourceVersion "1"]
[SourceVersionDate "2002.02.05"]
[SourceQuality "1"]

1. d4 d5 2. c4 c6 3. Nc3 Nf6 4. Nf3 a6 5. c5 Nbd7 6. Bf4 Nh5 7. e3 g6 8. Bd3
Bg7 9. O-O O-O 10. h3 Nxf4 11. exf4 Re8 {Dies ist ein recht zahmer Zug;
offenbar möchte Schwarz das Manöver Sd7-f8-e6 vorbereiten. Üblich ist 11...b6;
weil der Springer auf c3 der Deckung entbehrt, kann Weiß nicht gut 12.b4
antworten (12...bc5: 13.bc5: Sc5:). Es folgen einige der bisher bekannten
Partiebeispiele mit dieser Fortsetzung:} (11... b6 12. cxb6 Qxb6 13. Na4 Qa7 (
13... Qc7 14. f5 (14. Qd2 {bietet vielleicht bessere Aussichten auf Vorteil:}
Bh6 $6 15. g3 Rb8 16. Rfe1 Re8 17. Rac1 e5 $6 18. dxe5 Nxe5 19. Nxe5 Rxe5 20.
Rxe5 Qxe5 21. fxe5 Bxd2 22. Rc2 (22. Rxc6 $16) 22... Be1 23. Kf1 Bb4 24. Kg2
Bb7 25. a3 Bf8 26. b4 Re8 27. Re2 a5 28. Nc5 Bc8 29. f4 Re7 30. Ba6 Bxa6 {
1/2-1/2 Gyimesi,Z-Avrukh,B/Andorra 2001/CBM 83 ext (30).}) 14... e5 15. fxe6
fxe6 $13 {0-1 Pritchett,C-Engqvist,T/Gausdal 1993/TD (41). (41)}) 14. Qc2 (14.
Rc1 {sieht noch natürlicher aus:} Bxd4 15. Bxg6 Bxf2+ ({Nach} 15... Bg7 16. Bb1
{würde sich Weiß bald über den geschwächten Königsflügel des Schwarzen
hermachen. Auch nach dem Textzug bleibt die Königsstellung des Schwarzen
unbefriedigend geschützt.}) 16. Rxf2 hxg6 17. Nd4 Bb7 18. f5 $16 {1/2-1/2
Topalov,V-Georgiev,K/Sarajevo 2001/CBM 84/[Huebner,R] (37). (36)}) 14... Bxd4
15. Qxc6 Nc5 16. Nxd4 Nxd3 17. Ne2 Bd7 $2 (17... Rd8 $5) (17... Rb8 $11) 18.
Qxd5 $16 {0-1 Solozhenkin,E-Kallai,G/France 2001/EXT 2002 (42). (42)}) (11...
Qc7 12. Ne2 (12. Qd2 $5) 12... b6 13. cxb6 Qxb6 14. Rc1 c5 $13 15. b3 {0-1
Krasenkow,M-Rustemov,A/Panormo 2001/CBM 84 ext (43). (43)}) 12. Qc2 {Weiß
möchte offenbar das Feld f5 unter Kontrolle nehmen.} (12. Qd2 {ist ebenfalls
gut.}) 12... Qc7 13. g3 (13. f5 {ist schwächer; Weiß sollte die Kontrolle über
e5 nicht aufgeben. Nach} e5 14. fxe6 fxe6 {wird Schwarz ungefährdet e6-e5
durchsetzen können und erreicht gutes Spiel.}) 13... b6 14. b4 a5 15. a3 Nf8
16. Kg2 Qd7 17. Rh1 axb4 (17... b5 {kommt in Betracht.}) 18. Na4 bxc5 19. Nxc5
Qd6 20. axb4 Rb8 $2 {Meiner Meinung nach sollte Schwarz ein Turmpaar tauschen.
Nach} (20... Rxa1 21. Rxa1 Ne6 {ist der Vorteil des Weißen nicht entscheidend.}
) 21. Qc3 Nd7 22. Ra7 {Dieser Eindringling ist nun äußerst lästig.} Nb6 ({Nach
} 22... Nxc5 {folgt} 23. bxc5 Qf6 ({Nicht aussichtsreicher für Schwarz ist} 
23... Qd8 24. Ne5 Bxe5 25. fxe5) 24. Ne5 Qe6 25. Be2 {mit gewaltigem Druck.})
23. h4 (23. Ne5 $5 {sieht konsequenter aus.}) 23... Bd7 $2 (23... Ra8 {mußte
versucht werden.}) 24. Ne5 Bf5 25. Bxf5 gxf5 26. Qd3 $18 Nc4 ({Nach} 26... Qf6
27. Rc1 {wird der Druck des Weißen bald zu Bauerngewinn führen.}) 27. Qxf5 Bxe5
28. fxe5 Qg6 29. Qxg6+ hxg6 30. Nd3 Nd2 31. Ra3 f6 32. Rc1 Nc4 33. Ra6 fxe5 34.
Nxe5 Rxb4 35. Nxc4 dxc4 36. Rxc6 Kg7 37. R1xc4 Rb2 38. Rc2 Rb4 39. R6c4 Rb6 40.
Re2 Kf7 41. d5 Rd6 42. Rf4+ Kg7 43. Re5 e6 44. Rfe4 exd5 45. Rxe8 dxe4 46. Rxe4
Rd5 47. Kh3 Ra5 48. Kg4 Rb5 49. f4 Kf6 50. Re5 1-0

[Event "Lazne Bohdanec"]
[Site "Lazne Bohdanec"]
[Date "1996.??.??"]
[Round "11"]
[White "Neverov, Valeriy"]
[Black "Keitlinghaus, Ludger"]
[Result "1/2-1/2"]
[WhiteElo "2515"]
[BlackElo "2475"]
[Annotator "Huebner,R"]
[PlyCount "61"]
[EventDate "1996.01.??"]
[EventType "tourn"]
[EventRounds "11"]
[EventCountry "CZE"]
[EventCategory "10"]
[SourceTitle "CBM 051"]
[Source "ChessBase"]
[SourceDate "1996.04.01"]
[SourceVersion "1"]
[SourceVersionDate "1996.04.01"]
[SourceQuality "1"]

1. d4 d5 2. c4 c6 3. Nc3 Nf6 4. e3 a6 5. Nf3 b5 6. b3 Bg4 7. Be2 e6 8. O-O Nbd7
9. h3 Bh5 10. Bb2 Qb6 11. Rc1 Be7 12. cxd5 cxd5 13. Ne5 Bxe2 14. Nxe2 O-O {
In der Partie Hjarartson,J-Manninen,M, Reykjavik (zt 06) 1995, CBM 47, geschah
14...Sxe5. Der Textzug wurde als Verbesserung vorgeschlagen.} 15. Rc6 (15. Qc2
$5 Qb7 16. Qc7 Ra7 17. Qxb7 Rxb7 18. Rc6 $16) 15... Qb7 16. Qc2 Rfc8 17. Rc1
Rxc6 18. Qxc6 Qxc6 19. Rxc6 Kf8 20. Nf4 Ke8 21. Nfd3 b4 22. f3 a5 23. Kf1 Nxe5
24. dxe5 Nd7 25. Ke2 Kd8 26. Bd4 Rc8 27. Rxc8+ Kxc8 28. g4 Kb7 29. f4 g6 30.
Kf3 Kc6 31. Ke2 1/2-1/2

[Event "Lazne Bohdanec"]
[Site "Lazne Bohdanec"]
[Date "1996.??.??"]
[Round "9"]
[White "Babula, Vlastimil"]
[Black "Keitlinghaus, Ludger"]
[Result "1-0"]
[WhiteElo "2540"]
[BlackElo "2475"]
[Annotator "Huebner,R"]
[PlyCount "175"]
[EventDate "1996.01.??"]
[EventType "tourn"]
[EventRounds "11"]
[EventCountry "CZE"]
[EventCategory "10"]
[SourceTitle "CBM 051"]
[Source "ChessBase"]
[SourceDate "1996.04.01"]
[SourceVersion "1"]
[SourceVersionDate "1996.04.01"]
[SourceQuality "1"]

1. d4 d5 2. c4 c6 3. Nf3 Nf6 4. Nc3 a6 5. Ne5 Nbd7 6. Bf4 dxc4 {Dies scheint
eine solide Fortsetzung zu sein.} 7. Nxc4 (7. e3 Nxe5 8. dxe5 (8. Bxe5 b5 $15)
8... Nd5 $13) 7... b5 8. Ne5 Bb7 9. e3 e6 10. Be2 c5 11. Bf3 Bxf3 12. Qxf3 cxd4
13. exd4 Bb4 14. O-O Bxc3 15. bxc3 Nd5 (15... O-O 16. Nc6 Qb6 17. Bd6 Rfe8 {
sieht ebenfalls völlig befriedigend für Schwarz aus; er droht 18...Sd5.}) 16.
c4 bxc4 17. Nxc4 O-O 18. Bd6 Re8 19. Be5 Qg5 $15 20. Rab1 Nf8 21. Nd6 Re7 22.
Rfc1 Ng6 23. Bg3 h5 24. h3 Rd8 25. Rc6 a5 26. Rbc1 Red7 27. Rc8 Nf6 28. Rxd8+
Rxd8 29. Rc7 Rf8 30. Qb7 h4 31. Bh2 Nd5 32. Rc8 Rxc8 (32... Qe7 $15) 33. Qxc8+
Nf8 $2 (33... Kh7 34. Nxf7 Qf5 35. Qb7 (35. Qxe6 $2 Qb1+) 35... Nb4 36. Bd6
Nxa2 $13) 34. Ne4 $18 {In der Folge scheint mir die technische Abwicklung des
Weißen nicht in allen Punkten fleckenlos zu sein; aber es genügt zum Gewinn.}
Qg6 35. Bd6 Qxe4 36. Qxf8+ Kh7 37. Qxf7 Qxd4 38. Qh5+ Kg8 39. Qe8+ Kh7 40. Qxe6
Nc3 41. Qf5+ Kg8 42. Qc8+ Kh7 43. Qf5+ Kg8 44. Bc5 Qd1+ 45. Kh2 Ne2 46. Qe6+
Kh7 47. Qe4+ Kg8 48. Qc4+ Kh7 49. Qxh4+ Kg8 50. Qc4+ Kh7 51. Qe4+ Kg8 52. h4 a4
53. h5 Qg1+ 54. Kh3 Qh1+ 55. Kg4 Qd1 56. Kg5 Qd8+ 57. Be7 Qd2+ 58. f4 Qxa2 59.
Qa8+ Kh7 60. Qe4+ Kg8 61. h6 gxh6+ 62. Kxh6 Kf7 63. Bb4 Qe6+ 64. Qxe6+ Kxe6 65.
Kg5 Ng3 66. Ba3 Ne4+ 67. Kg6 Ng3 68. Bb2 Nf5 69. g4 Ne7+ 70. Kg7 Nf5+ 71. Kg6
Ne7+ 72. Kg5 Nd5 73. f5+ Kf7 74. Kh4 Ne3 75. Kh5 Nc4 76. Ba1 Ne3 77. Kg5 a3 78.
Kf4 Nc2 79. Bc3 a2 80. g5 a1=Q 81. g6+ Kg8 82. Bxa1 Nxa1 83. f6 Nb3 84. f7+ Kg7
85. Ke5 Nd2 86. Ke6 Kf8 87. g7+ Kxg7 88. Ke7 1-0

[Event "Olomouc Skanska Cup"]
[Site "Olomouc"]
[Date "2004.08.09"]
[Round "6"]
[White "Babula, Vlastimil"]
[Black "Sarakauskas, Gediminas"]
[Result "1-0"]
[WhiteElo "2569"]
[BlackElo "2442"]
[Annotator "Huebner,R"]
[PlyCount "47"]
[EventDate "2004.08.04"]
[EventType "tourn"]
[EventRounds "11"]
[EventCountry "CZE"]
[EventCategory "9"]
[SourceTitle "CBM 103"]
[Source "ChessBase"]
[SourceDate "2004.11.11"]
[SourceVersion "1"]
[SourceVersionDate "2004.11.11"]
[SourceQuality "1"]

1. d4 d5 2. c4 c6 3. Nf3 Nf6 4. Nc3 a6 5. c5 Nbd7 6. Bf4 Nh5 7. e3 g6 8. Bd3
Bg7 9. O-O O-O 10. Bg5 Re8 11. e4 (11. h3 Bf6 $1 12. Bxf6 Nhxf6 13. Qd2 Qc7 14.
Rae1 e5 15. dxe5 Nxe5 $11 {Sakaev,K-Burmakin,V/Linares 2001}) (11. Re1 Qc7 12.
e4 dxe4 13. Rxe4 Ndf6 14. Rh4 Be6 15. Ne5 Nd7 16. Ng4 Rad8 $13 {Khenkin,
I-Engqvist,T/Stockholm 1990}) (11. Qc2 Nf8 12. Rae1 Qc7 13. e4 Bg4 14. Be2 dxe4
15. Qxe4 Bf5 16. Qe3 Ne6 $11 {Veingold,A-Stefanova,A/Dos Hermanas 2000}) 11...
dxe4 12. Nxe4 (12. Bxe4 Ndf6 13. Bc2 Be6 ({Eigentlich wäre der Abtausch} 13...
Bg4 14. h3 Bxf3 15. Qxf3 {günstig für Schwarz, leider gerät dabei sein Nh5 in
eine missliche Lage. Nach} Qxd4 (15... Nd5 16. Nxd5 Qxd5 17. Qxd5 cxd5 18. g4
$14) 16. g4 Qxc5 17. Be3 Qa5 18. Bb3 $14 {werden drei schwarze Bauern den
weißen Läufer nicht ganz aufwiegen.}) 14. Re1 Nd5 15. Qd2 Qd7 16. Ne5 (16. h3
Rad8) ({Eine gute Alternative bestand in} 16. Bh6 $5 Bh8 17. Ne5 $14 {/\} Bxe5
$6 18. Rxe5) 16... Bxe5 17. dxe5 Rad8 18. Rad1 Qc7 19. Nxd5 ({Wesentlich
unangenehmer wäre für mich} 19. Ne2 $1 $14 {Auf d4 wird dieser Springer eine
gute Figur machen.} Qxe5 (19... f6 20. exf6 exf6 21. Bh6 $14) 20. Nd4 (20. Ng3
Qg7 21. Nxh5 gxh5 $13) 20... Qg7 21. Nxe6 fxe6 22. Bb3 Qf7 23. Qe2 $14 {
[%csl Re6]}) 19... Rxd5 20. Qc3 Rxd1 21. Rxd1 Rd8 22. h3 Ng7 23. a3 Bf5 24. Ba4
Ne6 25. Be3 h5 26. Bb3 ({Nikolic sollte den Damentausch anstreben, obwohl
Schwarz auch dann die Stellung mühelos halten dürfte. Z.B.} 26. b4 Rd7 27. Bb3
Qd8 28. Rxd7 Qxd7 29. f3 Ng7 (29... Nc7 $142) 30. Qd2 $14) 26... Rd7 27. Rxd7
Qxd7 28. Qb4 Ng7 29. Bc4 Be6 30. Be2 {1/2-1/2 Nikolic,P-Dautov,R/Moscow 2001/
CBM 86/[Dautov] (30)} Nf5 31. Bg5 Nd4 32. Bd1 Nf5 33. Qd2 Qxd2 34. Bxd2 Nd4 $11
{/\Bb3.}) 12... Ndf6 13. Nc3 {In der oben zitierten Partie Nikolic-Dautov
entstand dieselbe Stellung, nur daß der Königsläufer des Weißen auf c2 stand
statt auf d3. Dies ist natürlich etwas günstiger für Weiß.} (13. Nxf6+ exf6 14.
Be3 Be6 15. Rc1 Qd7 16. Bc4 Rad8 17. Bxe6 Qxe6 $11 {1/2-1/2 Borovikov,V-Volkov,
S/Panormo 2002/CBM 90 ext (53). (52)}) 13... Nd5 (13... Bg4 {kommt in Betracht,
denn nach} 14. h3 (14. Be2 Nd5 {ist vollkommen befriedigend für Schwarz.})
14... Bxf3 15. Qxf3 Qxd4 16. g4 {hat Schwarz die Antwort} Nd7) 14. Re1 Bg4 15.
Bc4 Nhf4 $2 {Erstaunlich. Nach} (15... h6 16. Be3 Nhf6 {hat Schwarz nichts
Besonderes zu fürchten.}) 16. Bxf4 Nxf4 17. Bxf7+ $18 Kxf7 18. Ng5+ Kg8 19.
Qxg4 Rf8 20. g3 h6 21. Ne6 Nxe6 22. Qxe6+ Kh7 23. Rad1 Qc8 24. Qxc8 1-0